000 00718pam a2200229 a 4500
001 015951264
003 Uk
005 20131008130046.0
008 111006s2012 enka b 001 0 eng d
020 _a9780199607969 (pbk.) :
020 _a0199607966 (pbk.) :
082 0 4 _a658.4
_223
_bTRI
100 1 _aTricker, R. Ian
_q(Robert Ian)
_933914
245 1 0 _aCorporate governance :
_bprinciples, policies, and practices /
_cBob Tricker.
250 _a2nd ed.
260 _aOxford :
_bOxford University Press,
_c2012.
300 _axxv, 546 p. :
_bill. ;
_c25 cm.
504 _aIncludes bibliographical references and index.
650 0 _aCorporate governance.
_933915
653 _bBus
_cOctober2013
942 _2ddc
_cBB
999 _c17598
_d17570